Logo

Description automatically generated
विद्यार्जन
 संसाधन केंद्र, भारतीय प्रौद्योगिकी संस्थान इन्दौर
Learning Resource Center, Indian Institute of Technology Indore

ऑनलाइन सार्वजनिक अभिगम प्रसूची
Online Public Access Catalogue (OPAC)

The post-colonial and the global (Record no. 57297)

MARC details
000 -LEADER
fixed length control field 00688nam a2200241Ia 4500
005 - DATE AND TIME OF LATEST TRANSACTION
control field 20260629163254.0
008 - FIXED-LENGTH DATA ELEMENTS--GENERAL INFORMATION
fixed length control field 260629s9999||||xx |||||||||||||| ||und||
020 ## - INTERNATIONAL STANDARD BOOK NUMBER
International Standard Book Number 816646090
Qualifying information pbk
020 ## - INTERNATIONAL STANDARD BOOK NUMBER
International Standard Book Number 9780816646098
Qualifying information pbk
082 ## - DEWEY DECIMAL CLASSIFICATION NUMBER
Classification number 325.3
Item number KRI
100 ## - MAIN ENTRY--PERSONAL NAME
Personal name Krishnaswamy, Revathi [ed.]
245 #4 - TITLE STATEMENT
Title The post-colonial and the global
260 ## - PUBLICATION, DISTRIBUTION, ETC.
Place of publication, distribution, etc. Minneapolis
Name of publisher, distributor, etc. University of Minnesota Press
Date of publication, distribution, etc. 2007
300 ## - PHYSICAL DESCRIPTION
Extent 329p. ; 25cm.
653 ## - INDEX TERM--UNCONTROLLED
Uncontrolled term Culture and globalization
653 ## - INDEX TERM--UNCONTROLLED
Uncontrolled term Globalization
653 ## - INDEX TERM--UNCONTROLLED
Uncontrolled term Imperialism
653 ## - INDEX TERM--UNCONTROLLED
Uncontrolled term Internationalism
653 ## - INDEX TERM--UNCONTROLLED
Uncontrolled term Literature and globalization
653 ## - INDEX TERM--UNCONTROLLED
Uncontrolled term Postcolonialism
700 ## - ADDED ENTRY--PERSONAL NAME
Personal name Hawley, John C. [ed.]
942 ## - ADDED ENTRY ELEMENTS (KOHA)
Koha item type Book
Holdings
Withdrawn status Lost status Damaged status Not for loan Home library Current library Shelving location Date acquired Source of acquisition Total Checkouts Full call number Barcode Date last seen Price effective from Koha item type
        LRC, IIT Indore LRC, IIT Indore 3rd Floor - General Stack 29/06/2026 Gratis Book Price: USD 28.00   325.3 KRI G2522 29/06/2026 29/06/2026 Book
Copyright © 2017-2026 Indian Institute of Technology Indore. All Rights Reserved.
Managed & maintained by Learning Resource Center, IIT Indore